[Event "MSR2018s4"]
[Site "?"]
[Date "2018.04.22"]
[Round "3.14"]
[White "Berkova, Agata"]
[Black "Horvathova, Hana"]
[Result "0-1"]
[BlackElo "1467"]
[WhiteElo "1455"]
[LiveChessVersion "1.4.8"]

1. e4 {[%clk 1:30:57]} e5 {[%clk 1:30:04]} 2. d4 {[%clk 1:31:15]} exd4
{[%clk 1:29:32]} 3. Nf3 {[%clk 1:31:00]} Nc6 {[%clk 1:29:38]} 4. Bc4
{[%clk 1:29:28]} Bb4+ {[%clk 1:28:21]} 5. Bd2 {[%clk 1:28:53]} Bxd2+
{[%clk 1:28:25]} 6. Nbxd2 {[%clk 1:28:38]} Nf6 {[%clk 1:28:38]} 7. e5
{[%clk 1:27:29]} Ng4 {[%clk 1:24:25]} 8. Qe2 {[%clk 1:24:37]} O-O
{[%clk 1:24:19]} 9. O-O {[%clk 1:24:07]} Re8 {[%clk 1:24:19]} 10. Bd3
{[%clk 1:21:38]} Ngxe5 {[%clk 1:21:48]} 11. Qe4 {[%clk 1:17:25]} Nxd3
{[%clk 1:22:00]} 12. Qxd3 {[%clk 1:16:50]} d6 {[%clk 1:20:32]} 13. Ne4
{[%clk 1:15:28]} Bf5 {[%clk 1:20:25]} 14. Qb5 {[%clk 1:13:32]} Bxe4
{[%clk 1:20:14]} 15. Ng5 {[%clk 1:12:57]} a6 {[%clk 1:17:26]} 16. Qc4
{[%clk 1:11:27]} Qxg5 {[%clk 1:15:51]} 17. g3 {[%clk 1:11:05]} Qh5
{[%clk 1:15:35]} 18. f3 {[%clk 1:09:44]} Bxf3 {[%clk 1:15:49]} 19. Qd3
{[%clk 1:08:11]} Be2 {[%clk 1:14:05]} 20. Qb3 {[%clk 1:06:38]} Bxf1
{[%clk 1:10:32]} 21. Rxf1 {[%clk 1:06:36]} Rab8 {[%clk 1:10:17]} 22. h3
{[%clk 1:05:52]} Rf8 {[%clk 1:10:17]} 23. Kg2 {[%clk 1:05:52]} Qb5
{[%clk 1:10:17]} 24. Qxb5 {[%clk 1:05:52]} axb5 {[%clk 1:10:17]} 25. g4
{[%clk 1:05:52]} Ra8 {[%clk 1:10:17]} 26. a3 {[%clk 1:05:52]} b4 {[%clk 1:10:17]}
27. axb4 {[%clk 1:05:52]} Nxb4 {[%clk 1:10:17]} 28. c3 {[%clk 1:05:52]} dxc3
{[%clk 1:10:17]} 29. bxc3 {[%clk 1:05:52]} Nd5 {[%clk 1:11:22]} 30. c4
{[%clk 0:53:17]} Ne3+ {[%clk 1:11:41]} 31. Kf2 {[%clk 0:53:17]} Nxf1
{[%clk 1:11:41]} 32. Kxf1 {[%clk 0:53:17]} Ra2 33. g5 Rfa8 34. Ke1 Rb2
{[%clk 1:11:11]} 35. c5 {[%clk 0:52:02]} Ra1# {[%clk 1:11:31]} 0-1

[Event "MSR2018s4"]
[Site "?"]
[Date "2018.04.22"]
[Round "3.15"]
[White "Mrmusova, Magdalena"]
[Black "Sosovickova, Martina"]
[Result "1/2-1/2"]
[BlackElo "1169"]
[WhiteElo "1132"]
[LiveChessVersion "1.4.8"]

1. e4 {[%clk 1:30:58]} e5 {[%clk 1:30:49]} 2. Nf3 {[%clk 1:31:22]} Nc6
{[%clk 1:31:06]} 3. d4 {[%clk 1:31:46]} exd4 {[%clk 1:31:10]} 4. Bc4
{[%clk 1:31:58]} Bc5 {[%clk 1:29:33]} 5. Ng5 {[%clk 1:32:10]} d5 {[%clk 1:28:11]}
6. exd5 {[%clk 1:31:45]} Na5 {[%clk 1:23:57]} 7. b3 {[%clk 1:27:20]} Nxc4
{[%clk 1:23:04]} 8. bxc4 {[%clk 1:27:06]} Qe7+ {[%clk 1:20:56]} 9. Kf1
{[%clk 1:24:30]} Nf6 {[%clk 1:12:20]} 10. g3 {[%clk 1:22:30]} h6 {[%clk 1:09:38]}
11. Nf3 {[%clk 1:21:55]} Bh3+ {[%clk 1:07:50]} 12. Kg1 {[%clk 1:20:30]} O-O
{[%clk 1:07:33]} 13. Bb2 {[%clk 1:16:42]} d3 {[%clk 1:03:42]} 14. Qxd3
{[%clk 1:15:49]} Qe4 {[%clk 1:01:10]} 15. Bxf6 {[%clk 1:15:06]} Qxd3
{[%clk 1:01:11]} 16. cxd3 {[%clk 1:15:07]} gxf6 {[%clk 1:01:30]} 17. Nbd2
{[%clk 1:14:35]} a6 {[%clk 1:01:00]} 18. Ne4 {[%clk 1:13:08]} Be7
{[%clk 1:00:04]} 19. Nfd2 {[%clk 1:12:57]} Rfe8 {[%clk 0:58:30]} 20. f3
{[%clk 1:12:16]} f5 {[%clk 0:58:34]} 21. Nf2 {[%clk 1:12:03]} Bc5
{[%clk 0:56:16]} 22. Nb3 {[%clk 1:10:23]} Bxf2+ {[%clk 0:56:07]} 23. Kxf2
{[%clk 1:10:41]} h5 {[%clk 0:52:55]} 1/2-1/2

[Event "MSR2018s4"]
[Site "?"]
[Date "2018.04.22"]
[Round "3.16"]
[White "Holestiakova, Nina"]
[Black "Hudakova, Nina"]
[Result "1-0"]
[BlackElo "1106"]
[WhiteElo "1039"]
[LiveChessVersion "1.4.8"]

1. e4 {[%clk 1:30:58]} c5 {[%clk 1:30:22]} 2. Nc3 {[%clk 1:31:21]} Nf6
{[%clk 1:27:53]} 3. e5 {[%clk 1:31:19]} Ng8 {[%clk 1:26:51]} 4. Bc4
{[%clk 1:30:06]} Nc6 {[%clk 1:26:25]} 5. Nf3 {[%clk 1:30:15]} g6 {[%clk 1:26:34]}
6. d4 {[%clk 1:29:05]} cxd4 {[%clk 1:25:47]} 7. Nxd4 Nxe5 {[%clk 1:25:46]} 8. Qe2
{[%clk 1:28:06]} Bg7 {[%clk 1:24:34]} 9. Nf3 {[%clk 1:26:52]} Nxc4
{[%clk 1:23:34]} 10. Qxc4 {[%clk 1:26:49]} Nf6 {[%clk 1:21:40]} 11. Ng5
{[%clk 1:25:41]} d5 {[%clk 1:21:17]} 12. Qb5+ {[%clk 1:24:43]} Bd7
{[%clk 1:19:55]} 13. Qxb7 {[%clk 1:24:26]} O-O {[%clk 1:16:25]} 14. Nxd5
{[%clk 1:22:40]} Rb8 {[%clk 1:16:00]} 15. Nxf6+ {[%clk 1:21:22]} Bxf6
{[%clk 1:16:11]} 16. Qxa7 {[%clk 1:21:04]} Ra8 {[%clk 1:14:44]} 17. Qe3
{[%clk 1:20:01]} Ra5 {[%clk 1:13:16]} 18. O-O {[%clk 1:19:46]} Re5
{[%clk 1:13:03]} 19. Qg3 {[%clk 1:19:28]} Bb5 {[%clk 1:12:50]} 20. Bf4
{[%clk 1:18:34]} Rxg5 {[%clk 1:12:32]} 21. Bxg5 {[%clk 1:18:19]} Bxf1
{[%clk 1:12:45]} 22. Kxf1 {[%clk 1:18:13]} Qb6 {[%clk 1:11:36]} 23. Bxf6
{[%clk 1:18:05]} exf6 {[%clk 1:11:48]} 24. b3 {[%clk 1:17:55]} Re8
{[%clk 1:12:03]} 25. Kg1 {[%clk 1:17:36]} Qe6 {[%clk 1:12:19]} 26. h3
{[%clk 1:17:50]} Qe4 {[%clk 1:10:04]} 27. Qd3 {[%clk 1:16:58]} Qe5
{[%clk 1:09:53]} 28. Rd1 {[%clk 1:16:50]} Qa5 {[%clk 1:07:05]} 29. a4
{[%clk 1:16:50]} Kg7 {[%clk 1:06:56]} 30. Qb5 {[%clk 1:16:55]} Qa8
{[%clk 1:06:22]} 31. a5 {[%clk 1:16:56]} Re5 {[%clk 1:06:12]} 32. Qc4
{[%clk 1:16:20]} Rg5 {[%clk 1:06:16]} 33. f3 {[%clk 1:16:20]} Qxa5
{[%clk 1:05:37]} 34. Rd7 Qa1+ {[%clk 1:05:26]} 35. Kh2 {[%clk 1:14:58]} Qe5+
{[%clk 1:04:27]} 36. f4 {[%clk 1:14:52]} Qe8 {[%clk 1:01:52]} 37. Rc7
{[%clk 1:13:16]} Rf5 {[%clk 1:00:35]} 38. Rc8 {[%clk 1:13:05]} Qd7
{[%clk 0:59:29]} 39. Rc7 {[%clk 1:13:12]} Qe8 {[%clk 0:58:39]} 40. b4
{[%clk 1:12:23]} Qf8 {[%clk 0:57:38]} 41. g4 {[%clk 1:12:22]} Rxf4
{[%clk 0:52:19]} 42. Qxf4 {[%clk 1:12:37]} g5 {[%clk 0:52:08]} 43. Qc4
{[%clk 1:12:53]} Qd6+ {[%clk 0:52:03]} 44. Kg2 {[%clk 1:12:12]} Qd2+
{[%clk 0:51:51]} 45. Kf3 {[%clk 1:12:13]} Kh6 {[%clk 0:48:50]} 46. Rxf7
{[%clk 1:12:01]} Kg6 {[%clk 0:48:34]} 47. Rb7 {[%clk 1:11:54]} Qd1+
{[%clk 0:46:49]} 48. Ke3 {[%clk 1:11:19]} Qe1+ {[%clk 0:46:59]} 49. Qe2
{[%clk 1:11:21]} Qg1+ {[%clk 0:47:09]} 50. Kd3 {[%clk 1:10:55]} Qg3+
{[%clk 0:47:06]} 51. Kd2 {[%clk 1:09:31]} Qf4+ {[%clk 0:46:54]} 52. Kd1
{[%clk 1:08:54]} Qd4+ {[%clk 0:46:12]} 53. Qd3+ {[%clk 1:08:40]} Qxd3+
{[%clk 0:45:08]} 54. cxd3 {[%clk 1:08:47]} Kh6 {[%clk 0:44:54]} 55. b5
{[%clk 1:09:04]} Kg6 {[%clk 0:44:16]} 56. b6 {[%clk 1:09:20]} h5 {[%clk 0:44:34]}
57. gxh5+ {[%clk 1:09:21]} Kh6 {[%clk 0:44:21]} 58. Rb8 {[%clk 1:09:29]} f5
{[%clk 0:44:35]} 59. Rf8 {[%clk 1:09:43]} g4 {[%clk 0:44:15]} 60. Rxf5
{[%clk 1:09:18]} gxh3 {[%clk 0:44:36]} 61. Rf2 {[%clk 1:09:31]} Kxh5
{[%clk 0:44:24]} 62. b7 {[%clk 1:09:44]} Kg4 {[%clk 0:44:40]} 63. b8=Q
{[%clk 1:09:41]} h2 {[%clk 0:44:44]} 64. Qxh2 {[%clk 1:09:57]} Kg5
{[%clk 0:45:10]} 65. Qg3+ {[%clk 1:10:06]} Kh5 {[%clk 0:45:17]} 66. Rh2# 1-0

[Event "MSR2018s4"]
[Site "?"]
[Date "2018.04.22"]
[Round "3.17"]
[White "Orgon, Jakub"]
[Black "Cizmar, Tomas"]
[Result "0-1"]
[BlackElo "1447"]
[WhiteElo "1218"]
[LiveChessVersion "1.4.8"]

1. e4 {[%clk 1:30:57]} e5 {[%clk 1:30:48]} 2. f4 {[%clk 1:31:22]} d6
{[%clk 1:30:53]} 3. Nf3 {[%clk 1:31:45]} Nc6 {[%clk 1:31:15]} 4. Bc4
{[%clk 1:32:03]} Be6 {[%clk 1:31:15]} 5. Bxe6 {[%clk 1:31:43]} fxe6
{[%clk 1:31:32]} 6. O-O {[%clk 1:32:04]} exf4 {[%clk 1:31:37]} 7. d4
{[%clk 1:32:18]} e5 {[%clk 1:31:42]} 8. dxe5 {[%clk 1:32:35]} dxe5
{[%clk 1:32:01]} 9. Qe2 {[%clk 1:31:07]} Bd6 {[%clk 1:32:11]} 10. Nc3
{[%clk 1:30:33]} h6 {[%clk 1:31:25]} 11. Rd1 {[%clk 1:30:20]} Qe7
{[%clk 1:31:32]} 12. Nd5 {[%clk 1:30:28]} Qf7 {[%clk 1:31:26]} 13. Qe1
{[%clk 1:28:26]} O-O-O {[%clk 1:30:41]} 14. Qh4 {[%clk 1:27:37]} Nf6
{[%clk 1:30:19]} 15. Nxf6 {[%clk 1:26:38]} Bc5+ {[%clk 1:29:34]} 16. Be3
{[%clk 1:23:30]} Bxe3+ {[%clk 1:29:33]} 17. Kf1 {[%clk 1:23:48]} Qxf6
{[%clk 1:29:43]} 18. Qh3+ {[%clk 1:22:48]} Kb8 {[%clk 1:29:00]} 19. Qh4
{[%clk 1:20:46]} Qxh4 {[%clk 1:28:46]} 20. Nxh4 {[%clk 1:21:09]} Ne7
{[%clk 1:26:56]} 21. Nf3 {[%clk 1:20:48]} g5 {[%clk 1:26:39]} 22. Nxe5
{[%clk 1:20:33]} Rd4 {[%clk 0:55:26]} 23. Rxd4 {[%clk 1:18:01]} Bxd4
{[%clk 0:55:39]} 24. Nf7 {[%clk 1:18:26]} Rf8 {[%clk 0:52:45]} 25. Nxh6
{[%clk 1:18:05]} Bxb2 {[%clk 0:53:01]} 26. Rb1 {[%clk 1:18:09]} Bd4
{[%clk 0:50:59]} 27. Rb5 {[%clk 1:16:16]} c5 {[%clk 0:50:13]} 28. Rb3
{[%clk 1:15:41]} Rf6 {[%clk 0:46:50]} 29. Ng4 {[%clk 1:14:34]} Re6
{[%clk 0:46:50]} 30. Rh3 {[%clk 1:13:04]} Rxe4 {[%clk 0:45:59]} 31. Rh5
{[%clk 1:12:46]} f3 {[%clk 0:39:49]} 32. gxf3 {[%clk 1:12:42]} Rf4
{[%clk 0:39:13]} 33. Rxg5 {[%clk 1:11:32]} Rxf3+ {[%clk 0:39:21]} 34. Ke2
{[%clk 1:10:32]} Ra3 {[%clk 0:37:05]} 35. Kd2 {[%clk 1:09:36]} Rxa2
{[%clk 0:35:32]} 36. Ne5 {[%clk 1:09:48]} Ra3 {[%clk 0:33:12]} 37. Nd7+
{[%clk 1:10:07]} Kc7 {[%clk 0:32:56]} 38. Nxc5 {[%clk 1:10:15]} Be3+
{[%clk 0:33:14]} 0-1

[Event "MSR2018s4"]
[Site "?"]
[Date "2018.04.22"]
[Round "3.18"]
[White "Earle, Dominic James"]
[Black "Visvader, Kristof"]
[Result "1-0"]
[BlackElo "1252"]
[WhiteElo "1273"]
[LiveChessVersion "1.4.8"]

1. d4 {[%clk 1:30:59]} d5 {[%clk 1:30:52]} 2. c4 {[%clk 1:31:25]} c6
{[%clk 1:31:17]} 3. Nc3 {[%clk 1:31:51]} Nf6 {[%clk 1:31:36]} 4. Bf4
{[%clk 1:32:14]} e6 {[%clk 1:31:13]} 5. c5 {[%clk 1:32:25]} Nbd7 {[%clk 1:30:58]}
6. Nf3 {[%clk 1:32:20]} b6 {[%clk 1:31:08]} 7. b4 {[%clk 1:32:46]} a5
{[%clk 1:29:59]} 8. a3 {[%clk 1:32:57]} Bb7 {[%clk 1:29:57]} 9. e3
{[%clk 1:31:52]} g6 {[%clk 1:28:51]} 10. Bd3 {[%clk 1:30:36]} Nh5
{[%clk 1:28:15]} 11. Bg5 {[%clk 1:30:27]} f6 {[%clk 1:27:53]} 12. Bh4
{[%clk 1:30:44]} Be7 {[%clk 1:26:22]} 13. g4 {[%clk 1:30:03]} Ng7
{[%clk 1:26:21]} 14. Bg3 {[%clk 1:29:10]} f5 {[%clk 1:23:59]} 15. h3
{[%clk 1:28:27]} Nf6 {[%clk 1:23:19]} 16. Ne5 {[%clk 1:27:03]} Ne4
{[%clk 1:22:40]} 17. Nxe4 {[%clk 1:26:06]} dxe4 {[%clk 1:22:57]} 18. Bc4
{[%clk 1:26:21]} b5 {[%clk 1:22:32]} 19. Bb3 {[%clk 1:26:13]} Bh4
{[%clk 1:22:22]} 20. Bf4 {[%clk 1:25:39]} h5 {[%clk 1:19:50]} 21. Nxg6
{[%clk 1:25:09]} Rg8 {[%clk 1:19:30]} 22. Nxh4 {[%clk 1:23:52]} Qxh4
{[%clk 1:19:39]} 23. g5 {[%clk 1:24:12]} a4 {[%clk 1:19:20]} 24. Ba2
{[%clk 1:23:23]} O-O-O {[%clk 1:17:48]} 25. Qe2 {[%clk 1:21:44]} Kd7
{[%clk 1:16:46]} 26. Qf1 {[%clk 1:21:27]} Ke7 {[%clk 1:15:10]} 27. Rg1
{[%clk 1:20:41]} Kd7 {[%clk 1:14:09]} 28. Be5 {[%clk 1:20:05]} f4
{[%clk 1:13:29]} 29. Bxf4 {[%clk 1:20:20]} Nf5 {[%clk 1:13:28]} 30. Qg2
{[%clk 1:19:59]} Ke7 {[%clk 1:11:34]} 31. Bb1 {[%clk 1:18:49]} e5
{[%clk 1:10:02]} 32. Bxe5 {[%clk 1:19:02]} Nxe3 {[%clk 1:10:11]} 33. Qg3
{[%clk 1:15:37]} 1-0

[Event "MSR2018s4"]
[Site "?"]
[Date "2018.04.22"]
[Round "3.19"]
[White "Carnecky, Viliam"]
[Black "Karapetsas, Athanasios"]
[Result "1/2-1/2"]
[BlackElo "1237"]
[WhiteElo "1253"]
[LiveChessVersion "1.4.8"]

1. c4 {[%clk 1:30:54]} e5 {[%clk 1:30:51]} 2. Nc3 {[%clk 1:31:17]} Nc6
{[%clk 1:30:55]} 3. Nf3 {[%clk 1:31:07]} Nf6 {[%clk 1:31:11]} 4. e3
{[%clk 1:31:26]} d5 {[%clk 1:30:22]} 5. h3 {[%clk 1:31:05]} Be6 {[%clk 1:28:43]}
6. cxd5 {[%clk 1:30:53]} Bxd5 {[%clk 1:27:41]} 7. Nxd5 {[%clk 1:30:57]} Qxd5
{[%clk 1:27:55]} 8. Be2 {[%clk 1:29:58]} O-O-O {[%clk 1:25:08]} 9. b3
{[%clk 1:27:35]} Bc5 {[%clk 1:23:15]} 10. Bc4 {[%clk 1:27:16]} Qd7
{[%clk 1:22:01]} 11. Bb2 {[%clk 1:26:58]} Rhe8 {[%clk 1:18:28]} 12. Bb5
{[%clk 1:24:59]} e4 {[%clk 1:15:24]} 13. Ne5 {[%clk 1:24:47]} Qd5
{[%clk 1:12:28]} 14. Bc4 {[%clk 1:23:14]} Qd6 {[%clk 1:08:21]} 15. Nxf7
{[%clk 1:22:58]} Qd7 {[%clk 1:06:55]} 16. Nxd8 {[%clk 1:23:13]} Rxd8
{[%clk 1:07:18]} 17. Bxf6 {[%clk 1:22:48]} gxf6 {[%clk 1:07:28]} 18. Be2
{[%clk 1:23:03]} Bb4 {[%clk 1:07:41]} 19. Bg4 {[%clk 1:22:59]} f5
{[%clk 1:07:50]} 20. Bh5 {[%clk 1:22:53]} Qxd2+ {[%clk 1:06:47]} 21. Qxd2
{[%clk 1:22:44]} Rxd2 {[%clk 1:07:06]} 22. O-O {[%clk 1:23:04]} Bc3
{[%clk 1:07:16]} 23. Rac1 {[%clk 1:23:04]} Bf6 {[%clk 1:05:41]} 24. a4
{[%clk 1:22:48]} Be7 {[%clk 0:54:55]} 25. Rfd1 {[%clk 1:22:41]} Rb2
{[%clk 0:53:36]} 26. Bf7 {[%clk 1:22:57]} Ne5 {[%clk 0:52:49]} 27. Be6+
{[%clk 1:21:58]} Kb8 {[%clk 0:52:39]} 28. Rc5 {[%clk 1:16:17]} Nd3
{[%clk 0:52:39]} 29. Rd5 {[%clk 1:15:34]} c6 {[%clk 0:52:02]} 30. Rd7
{[%clk 1:15:09]} Bh4 {[%clk 0:49:29]} 31. g3 {[%clk 1:14:48]} Nxf2
{[%clk 0:47:15]} 32. R1d2 {[%clk 1:13:05]} Rxd2 {[%clk 0:47:07]} 33. Rxd2
{[%clk 1:13:11]} Bxg3 {[%clk 0:47:14]} 34. Kg2 {[%clk 1:12:42]} Bh4
{[%clk 0:47:30]} 35. Bxf5 {[%clk 1:13:00]} Nd3 36. Bxe4 {[%clk 1:13:04]} Nc5
{[%clk 0:42:08]} 37. Bxh7 {[%clk 1:13:04]} Nxb3 {[%clk 0:42:25]} 38. Rd3
{[%clk 1:12:45]} Na5 {[%clk 0:42:02]} 39. e4 {[%clk 1:12:26]} Kc7
{[%clk 0:37:59]} 40. e5 {[%clk 1:12:39]} Be7 {[%clk 0:38:11]} 41. Bg6
{[%clk 1:12:56]} b5 {[%clk 0:36:48]} 42. axb5 {[%clk 1:13:02]} cxb5
{[%clk 0:37:01]} 43. e6 {[%clk 1:13:27]} Nc6 {[%clk 0:36:50]} 44. Rd7+
{[%clk 1:13:08]} Kb6 {[%clk 0:36:47]} 45. Kg3 {[%clk 1:11:58]} a5
{[%clk 0:36:49]} 46. h4 {[%clk 1:12:18]} a4 {[%clk 0:36:54]} 47. h5
{[%clk 1:11:47]} Bf8 {[%clk 0:36:30]} 48. Rf7 {[%clk 1:11:31]} Bh6
{[%clk 0:36:36]} 49. Be4 {[%clk 1:10:42]} Bc1 {[%clk 0:32:30]} 50. Bxc6
{[%clk 1:10:36]} Kxc6 {[%clk 0:32:48]} 51. e7 {[%clk 1:10:59]} Kd7
{[%clk 0:32:58]} 52. Kf2 {[%clk 1:09:55]} a3 {[%clk 0:33:08]} 53. Ke2
{[%clk 1:10:13]} a2 {[%clk 0:33:21]} 54. e8=Q+ {[%clk 1:10:34]} Kxe8
{[%clk 0:33:16]} 55. Ra7 {[%clk 1:10:48]} b4 {[%clk 0:32:17]} 56. Rxa2
{[%clk 1:11:07]} b3 {[%clk 0:32:34]} 57. Ra1 {[%clk 1:11:32]} b2 {[%clk 0:32:44]}
58. Rb1 {[%clk 1:11:53]} Kf7 {[%clk 0:32:49]} 59. Kf3 {[%clk 1:11:51]} Kf6
{[%clk 0:32:20]} 60. Kg4 {[%clk 1:11:56]} Kg7 {[%clk 0:32:34]} 61. Kf5
{[%clk 1:12:25]} Kh6 {[%clk 0:32:48]} 62. Kg4 1/2-1/2

[Event "MSR2018s4"]
[Site "?"]
[Date "2018.04.22"]
[Round "3.20"]
[White "Elias, David"]
[Black "Durana, Jonas"]
[Result "1/2-1/2"]
[BlackElo "1146"]
[WhiteElo "1608"]
[LiveChessVersion "1.4.8"]

1. d4 {[%clk 1:30:56]} d5 {[%clk 1:30:47]} 2. Bf4 {[%clk 1:30:56]} Nf6
{[%clk 1:30:17]} 3. Nf3 {[%clk 1:31:12]} Bf5 {[%clk 1:30:31]} 4. e3
{[%clk 1:30:45]} Nc6 {[%clk 1:30:03]} 5. c3 {[%clk 1:30:28]} e6 {[%clk 1:30:14]}
6. Bd3 {[%clk 1:28:52]} Ne4 {[%clk 1:29:22]} 7. Qe2 {[%clk 1:26:37]} Be7
{[%clk 1:26:39]} 8. Nbd2 {[%clk 1:24:49]} O-O {[%clk 1:26:23]} 9. c4
{[%clk 1:19:26]} Qd7 {[%clk 1:23:57]} 10. Bxe4 {[%clk 1:18:05]} dxe4
{[%clk 1:23:30]} 11. Ne5 {[%clk 1:16:09]} Nxe5 {[%clk 1:22:45]} 12. Bxe5
{[%clk 1:16:04]} f6 {[%clk 1:22:49]} 13. Bg3 {[%clk 1:15:31]} Bb4
{[%clk 1:22:52]} 14. O-O Qc6 {[%clk 1:22:53]} 15. b3 {[%clk 1:12:07]} Rad8
{[%clk 1:22:53]} 16. a3 {[%clk 1:12:07]} Bxd2 {[%clk 1:22:53]} 17. Qxd2
{[%clk 1:12:07]} e5 {[%clk 1:22:53]} 18. d5 {[%clk 1:12:07]} Qc5 {[%clk 1:22:53]}
19. Qc3 {[%clk 1:12:07]} c6 {[%clk 1:22:53]} 20. dxc6 {[%clk 1:12:07]} Rd3
{[%clk 1:22:53]} 21. Qc2 {[%clk 1:12:07]} bxc6 {[%clk 1:22:53]} 22. Rfd1
{[%clk 1:12:07]} Rb8 {[%clk 1:22:53]} 23. b4 {[%clk 1:12:07]} Qd6
{[%clk 1:22:53]} 24. Rdb1 {[%clk 0:44:22]} Rd8 {[%clk 1:19:15]} 25. h3
{[%clk 0:44:04]} Rb8 {[%clk 1:19:04]} 26. Qb3 Qd7 {[%clk 1:18:45]} 27. c5+
{[%clk 0:43:10]} Qe6 {[%clk 1:18:59]} 28. Qxe6+ {[%clk 0:45:11]} Bxe6
{[%clk 1:19:14]} 29. Rd1 {[%clk 0:43:39]} Bd5 30. Kf1 Bc4 {[%clk 1:19:01]} 31.
Ke1 {[%clk 0:41:31]} Rbd8 {[%clk 1:18:36]} 32. Rdc1 {[%clk 0:36:04]} Bb3
{[%clk 1:18:14]} 33. Bh2 {[%clk 0:33:51]} Kf7 {[%clk 1:16:35]} 34. g4
{[%clk 0:33:43]} Rd2 {[%clk 1:16:45]} 35. g5 {[%clk 0:33:43]} Rb2
{[%clk 1:16:45]} 36. gxf6 {[%clk 0:29:02]} gxf6 {[%clk 1:16:54]} 37. Rcb1
{[%clk 0:28:17]} Rdd2 {[%clk 1:16:15]} 38. Rxb2 {[%clk 0:25:46]} Rxb2
{[%clk 1:16:38]} 39. Kf1 {[%clk 0:24:27]} Kg6 {[%clk 1:16:45]} 40. Kg2
{[%clk 0:24:01]} Kg5 {[%clk 1:16:42]} 41. Rg1 {[%clk 0:18:54]} Kh4
{[%clk 1:16:29]} 42. Bg3+ {[%clk 0:17:44]} Kh5 {[%clk 1:16:27]} 43. Ra1
{[%clk 0:15:29]} Rd2 {[%clk 1:16:28]} 44. a4 {[%clk 0:14:14]} a6 {[%clk 1:16:17]}
45. Ra3 {[%clk 0:13:18]} Bc4 {[%clk 1:16:33]} 46. Rc3 {[%clk 0:11:32]} Bd3
{[%clk 1:16:12]} 47. b5 {[%clk 0:06:49]} axb5 {[%clk 1:16:27]} 48. axb5
{[%clk 0:07:03]} Bxb5 {[%clk 1:16:48]} 49. Kh2 {[%clk 0:03:06]} h6
{[%clk 1:16:42]} 50. Rc1 {[%clk 0:02:24]} Be2 {[%clk 1:16:37]} 51. Kg1
{[%clk 0:02:15]} Kg6 {[%clk 1:16:33]} 52. Kg2 {[%clk 0:01:33]} Bf3+
{[%clk 1:16:56]} 53. Kf1 {[%clk 0:01:34]} Rd1+ {[%clk 1:17:18]} 54. Rxd1
{[%clk 0:01:45]} Bxd1 {[%clk 1:17:47]} 55. Ke1 {[%clk 0:01:56]} Ba4
{[%clk 1:17:58]} 56. Kd2 {[%clk 0:02:05]} Kf5 {[%clk 1:18:05]} 57. Kc3
{[%clk 0:02:06]} Ke6 {[%clk 1:18:00]} 58. Kb4 {[%clk 0:02:18]} Kd5
{[%clk 1:18:19]} 59. Bh4 {[%clk 0:02:05]} f5 {[%clk 1:18:25]} 60. Bg3
{[%clk 0:01:12]} Bb5 {[%clk 1:18:43]} 61. h4 {[%clk 0:00:39]} h5 {[%clk 1:19:01]}
62. Bh2 {[%clk 0:00:41]} Ke6 {[%clk 1:19:10]} 1/2-1/2

[Event "MSR2018s4"]
[Site "?"]
[Date "2018.04.22"]
[Round "3.21"]
[White "Kusy, Adam"]
[Black "Cerven, Samuel"]
[Result "0-1"]
[BlackElo "1270"]
[WhiteElo "1112"]
[LiveChessVersion "1.4.8"]

1. d4 {[%clk 1:29:34]} d5 {[%clk 1:30:55]} 2. c4 {[%clk 1:29:58]} e6
{[%clk 1:31:17]} 3. Nc3 {[%clk 1:30:15]} Nf6 {[%clk 1:31:36]} 4. Nf3
{[%clk 1:30:25]} b6 {[%clk 1:31:14]} 5. cxd5 {[%clk 1:30:23]} exd5
{[%clk 1:31:28]} 6. e3 {[%clk 1:30:31]} Bb7 {[%clk 1:31:08]} 7. Bb5+
{[%clk 1:30:13]} Nbd7 {[%clk 1:31:12]} 8. O-O {[%clk 1:30:08]} Be7
{[%clk 1:31:33]} 9. Bd2 {[%clk 1:27:57]} O-O {[%clk 1:31:54]} 10. Rc1
{[%clk 1:27:09]} Rc8 {[%clk 1:31:31]} 11. Na4 {[%clk 1:25:04]} Ne4
{[%clk 1:30:05]} 12. Nc3 {[%clk 1:24:26]} Nd6 {[%clk 1:29:13]} 13. Bd3 c5 14. Bb1
{[%clk 1:21:21]} cxd4 {[%clk 1:28:18]} 15. exd4 {[%clk 1:21:40]} Ne4
{[%clk 1:28:36]} 16. Nb5 {[%clk 1:20:36]} Rxc1 {[%clk 1:25:13]} 17. Qxc1
{[%clk 1:21:02]} Nxd2 {[%clk 1:25:05]} 18. Qxd2 {[%clk 1:21:11]} Ba6
{[%clk 1:25:16]} 19. Qd3 {[%clk 1:21:11]} g6 {[%clk 1:22:06]} 20. Qb3
{[%clk 1:21:16]} Nf6 {[%clk 1:22:12]} 21. Nxa7 {[%clk 1:21:07]} Bxf1
{[%clk 1:22:19]} 22. Kxf1 {[%clk 1:21:03]} Qc7 {[%clk 1:22:20]} 23. Nb5
{[%clk 1:18:50]} Qc1+ {[%clk 1:22:29]} 24. Ne1 {[%clk 1:18:41]} Qxb1
{[%clk 1:22:46]} 25. Nc3 {[%clk 1:18:36]} Qf5 {[%clk 1:22:34]} 26. Qxb6
{[%clk 1:18:29]} Ng4 {[%clk 1:22:04]} 27. f3 {[%clk 1:17:51]} Nxh2+
{[%clk 1:21:43]} 28. Kg1 {[%clk 1:17:36]} Qe6 {[%clk 1:21:46]} 29. Qxe6
{[%clk 1:17:37]} Nxf3+ {[%clk 1:21:54]} 30. Nxf3 {[%clk 1:17:51]} fxe6
{[%clk 1:22:21]} 31. a4 {[%clk 1:16:28]} Bb4 {[%clk 1:22:30]} 32. Ne5
{[%clk 1:15:40]} Bxc3 {[%clk 1:22:36]} 33. bxc3 {[%clk 1:15:27]} Ra8
{[%clk 1:22:54]} 34. Nd7 {[%clk 1:14:08]} 0-1

[Event "MSR2018s4"]
[Site "?"]
[Date "2018.04.22"]
[Round "3.22"]
[White "Oruzinsky, Juraj"]
[Black "Jura, Michal"]
[Result "1/2-1/2"]
[BlackElo "1317"]
[WhiteElo "1000"]
[LiveChessVersion "1.4.8"]

1. e4 {[%clk 1:30:55]} e5 {[%clk 1:30:50]} 2. Nf3 {[%clk 1:30:56]} Nc6
{[%clk 1:31:11]} 3. Bb5 {[%clk 1:31:20]} Bc5 {[%clk 1:31:33]} 4. d3
{[%clk 1:31:39]} d6 {[%clk 1:31:44]} 5. Bxc6+ {[%clk 1:31:50]} bxc6
{[%clk 1:32:01]} 6. h3 {[%clk 1:31:10]} Nf6 {[%clk 1:31:59]} 7. Bg5
{[%clk 1:31:34]} h6 {[%clk 1:31:04]} 8. Bh4 {[%clk 1:32:00]} Qe7 {[%clk 1:28:52]}
9. Nc3 {[%clk 1:31:40]} Bb7 {[%clk 1:28:36]} 10. a3 {[%clk 1:31:49]} d5
{[%clk 1:28:13]} 11. Qe2 {[%clk 1:31:31]} d4 {[%clk 1:27:06]} 12. Na4
{[%clk 1:31:33]} Bd6 {[%clk 1:26:58]} 13. O-O {[%clk 1:30:16]} g5
{[%clk 1:24:20]} 14. Bg3 {[%clk 1:30:21]} Nd7 {[%clk 1:23:54]} 15. b4
{[%clk 1:29:49]} h5 {[%clk 1:23:59]} 16. Qd2 {[%clk 1:29:29]} g4 {[%clk 1:24:14]}
17. Ng5 {[%clk 1:28:48]} f6 {[%clk 1:24:08]} 18. Bh4 {[%clk 1:27:00]} Rg8
{[%clk 1:23:09]} 19. f3 {[%clk 1:25:58]} fxg5 {[%clk 1:23:22]} 20. Be1
{[%clk 1:26:17]} gxh3 {[%clk 1:23:39]} 21. gxh3 {[%clk 1:25:52]} g4
{[%clk 1:23:33]} 22. Kh1 {[%clk 1:25:39]} Qg5 {[%clk 1:23:08]} 23. Qxg5
{[%clk 1:24:17]} Rxg5 {[%clk 1:23:21]} 24. Bh4 {[%clk 1:24:30]} Rg8
{[%clk 1:23:34]} 25. Rg1 {[%clk 1:24:58]} Be7 {[%clk 1:23:30]} 26. Bxe7
{[%clk 1:25:24]} Kxe7 {[%clk 1:23:35]} 27. fxg4 {[%clk 1:25:33]} hxg4
{[%clk 1:23:54]} 28. hxg4 {[%clk 1:25:16]} Nf6 {[%clk 1:24:09]} 29. g5
{[%clk 1:24:45]} Nh7 {[%clk 1:24:19]} 30. Nc5 {[%clk 1:22:50]} Bc8
{[%clk 1:24:26]} 31. g6 {[%clk 1:22:51]} Nf8 {[%clk 1:24:14]} 32. g7
{[%clk 1:22:56]} Ne6 {[%clk 1:24:33]} 33. Nxe6 {[%clk 1:22:32]} Bxe6
{[%clk 1:24:54]} 34. Raf1 {[%clk 1:22:53]} Kd7 {[%clk 1:24:45]} 35. Rg6
{[%clk 1:21:50]} Rh8+ 1/2-1/2